[Event "Open Letní Praha 2018 - A"]
[Site "Praha"]
[Date "2018.08.03"]
[Round "1"]
[Board "1"]
[White "Turner, Matthew"]
[Black "Zhukenov, Aituar"]
[Result "1-0"]
[WhiteElo "2533"]
[BlackElo "2025"]
[PlyCount "97"]
[EventDate "2018.08.03"]
[EventRounds "9"]
[EventCountry "CZE"]

1. Nf3 Nf6 2. g3 d5 3. Bg2 c6 4. O-O Bg4 5. d3 Nbd7 6. Nbd2 e5 7. h3 Bh5 8. e4
dxe4 9. dxe4 Bc5 10. c3 O-O 11. Qc2 Re8 12. Nc4 Qc7 13. b4 Bf8 14. Bg5 h6 15.
Bd2 Bg6 16. Nh4 Bh7 17. Nf5 Bxf5 18. exf5 Nb6 19. Na5 Rad8 20. Rae1 Nbd5 21. a3
b6 22. Nc4 b5 23. Ne3 c5 24. Qa2 c4 25. a4 a6 26. Nxd5 Nxd5 27. Re2 Re7 28.
axb5 axb5 29. Ra1 Red7 30. Be1 Ne7 31. Qa5 Qb8 32. Be4 Rd1 33. Rea2 Nc8 34. Bg2
Rxa1 35. Rxa1 Rd7 36. Qa8 Qxa8 37. Bxa8 Nd6 38. g4 Be7 39. Bc6 Rc7 40. Bg2 Kf8
41. Ra6 Nc8 42. Bc6 Na7 43. Bxb5 Nxb5 44. Ra8+ Bd8 45. Rxd8+ Ke7 46. Rd5 Nd6
47. Rxe5+ Kd7 48. Bd2 Ra7 49. Bf4  1-0

[Event "Open Letní Praha 2018 - A"]
[Site "Praha"]
[Date "2018.08.03"]
[Round "1"]
[Board "2"]
[White "Machala, Vladislav"]
[Black "Gasanov, Eldar"]
[Result "1/2-1/2"]
[WhiteElo "2020"]
[BlackElo "2481"]
[PlyCount "256"]
[EventDate "2018.08.03"]
[EventRounds "9"]
[EventCountry "CZE"]

1. g3 e5 2. c4 Nc6 3. Bg2 Bc5 4. Nc3 a6 5. Nf3 d6 6. d3 Nf6 7. O-O h6 8. a3 O-O
9. Ne1 Be6 10. Nc2 d5 11. cxd5 Nxd5 12. Nxd5 Bxd5 13. Ne3 Bxg2 14. Kxg2 Nd4 15.
b4 Ba7 16. Bb2 f5 17. f4 Re8 18. Rc1 Nxe2 19. Nxf5 Qd5+ 20. Rf3 Nxc1 21. Qxc1
e4 22. dxe4 Rxe4 23. g4 Rae8 24. Qxc7 Re2+ 25. Kg3 Qf7 26. Qc3 Qg6 27. Nxg7
R8e3 28. Qc4+ Kh7 29. Nf5 Rxf3+ 30. Kxf3 Qc6+ 31. Qxc6 Rf2+ 32. Kg3 bxc6 33.
Bd4 Bxd4 34. Nxd4 Ra2 35. Nxc6 Rxa3+ 36. Kh4 Kg6 37. Ne5+ Kf6 38. Nd7+ Ke7 39.
Nc5 Kf7 40. g5 hxg5+ 41. fxg5 Kg6 42. Kg4 Rc3 43. Nxa6 Rc4+ 44. Kf3 Kxg5 45.
Ke3 Kf5 46. Kd3 Rc1 47. Kd4 Ke6 48. Nc5+ Kd6 49. Ne4+ Kc6 50. Nc3 Rh1 51. Kc4
Rxh2 52. Kb3 Rh4 53. Ka4 Rg4 54. Kb3 Kd6 55. Ka4 Rc4 56. Kb3 Rc8 57. Kb2 Ke5
58. Kb3 Kd4 59. Nb5+ Kd3 60. Na3 Rc3+ 61. Ka4 Ke4 62. Nb5 Rc1 63. Kb3 Kd3 64.
Na3 Kd4 65. Nb5+ Kd3 66. Na3 Rh1 67. Kb2 Kd4 68. Kb3 Kd5 69. Ka4 Rh3 70. Nb5
Rd3 71. Nc7+ Kc4 72. b5 Kc5 73. Ne6+ Kb6 74. Kb4 Rd6 75. Ng5 Rd4+ 76. Kc3 Rg4
77. Ne6 Kxb5 78. Kd3 Kc6 79. Nd4+ Kd5 80. Nf3 Rb4 81. Ke3 Ra4 82. Nd2 Ra3+ 83.
Kf4 Ra1 84. Ke3 Ra2 85. Nf3 Ra8 86. Nd2 Rg8 87. Nf3 Rg4 88. Nd2 Rh4 89. Nf3
Re4+ 90. Kd3 Re8 91. Nd2 Ke5 92. Ke3 Kf5+ 93. Kf3 Re7 94. Nc4 Rc7 95. Ne3+ Ke5
96. Ng4+ Kd4 97. Nf2 Rf7+ 98. Ke2 Rf8 99. Ng4 Rf7 100. Nf2 Rf4 101. Nd1 Rg4
102. Kf3 Rg8 103. Nf2 Ra8 104. Ke2 Ra3 105. Nd1 Ra1 106. Nf2 Rg1 107. Kf3 Rg8
108. Ke2 Re8+ 109. Kf3 Re1 110. Ng4 Ra1 111. Nf2 Ra3+ 112. Kf4 Rb3 113. Ng4 Kd3
114. Ne5+ Ke2 115. Ke4 Rb4+ 116. Kd5 Ke3 117. Nc4+ Kd3 118. Ne5+ Kc3 119. Kc5
Rh4 120. Kd5 Ra4 121. Nc6 Ra8 122. Kc5 Kd3 123. Kd5 Rh8 124. Ne5+ Ke3 125. Nc4+
Kf4 126. Nd6 Rh6 127. Nc4 Ra6 128. Kd4 Ra1  1/2-1/2

[Event "Open Letní Praha 2018 - A"]
[Site "Praha"]
[Date "2018.08.03"]
[Round "1"]
[Board "3"]
[White "Jurcik, Marian"]
[Black "Babicka, Michal"]
[Result "1/2-1/2"]
[WhiteElo "2455"]
[BlackElo "2009"]
[PlyCount "176"]
[EventDate "2018.08.03"]
[EventRounds "9"]
[EventCountry "CZE"]

1. e4 c5 2. Nf3 d6 3. d4 cxd4 4. Nxd4 Nf6 5. Nc3 a6 6. Be2 e5 7. Nf3 h6 8. Nd2
Be6 9. Nc4 Be7 10. Be3 Bxc4 11. Bxc4 b5 12. Bd5 Nxd5 13. Nxd5 Nd7 14. Qg4 g6
15. O-O-O Rc8 16. Kb1 h5 17. Qf3 Bg5 18. Rd2 O-O 19. Rhd1 Bxe3 20. Nxe3 Qf6 21.
Qxf6 Nxf6 22. f3 Ne8 23. h3 Kg7 24. a4 Kf6 25. axb5 axb5 26. Rd5 Rb8 27. R1d3
Kg5 28. g3 f5 29. exf5 gxf5 30. f4+ Kf6 31. Ra3 Rb6 32. c4 bxc4 33. Nxc4 Rc6
34. Na5 Rb6 35. fxe5+ dxe5 36. Nc4 Re6 37. Raa5 Rg8 38. Nxe5 Rxg3 39. Nd7+ Kg7
40. h4 Rg4 41. Rxf5 Rxh4 42. Rxh5 Rxh5 43. Rxh5 Re1+ 44. Ka2 Kf7 45. Nc5 Ke7
46. Rd5 Nd6 47. b4 Nb5 48. Rd7+ Ke8 49. Rd3 Ke7 50. Rd7+ Ke8 51. Rb7 Nd4 52.
Kb2 Re3 53. Na4 Kd8 54. Nc3 Kc8 55. Rh7 Kb8 56. Rd7 Ne2 57. Nb5 Nf4 58. Kc2 Rh3
59. Nc3 Rg3 60. b5 Rh3 61. Ne4 Rh5 62. Nd6 Ne6 63. Kc3 Nc7 64. Kb4 Nxb5 65.
Nxb5 Kc8 66. Rg7 Kd8 67. Kc4 Rh1 68. Kd5 Rd1+ 69. Nd4 Ke8 70. Ke5 Re1+ 71. Kf6
Rf1+ 72. Nf5 Kd8 73. Ke6 Re1+ 74. Kd5 Rd1+ 75. Nd4 Ke8 76. Ke6 Re1+ 77. Kd6 Rd1
78. Rg4 Kf7 79. Rf4+ Kg6 80. Ke7 Ra1 81. Rg4+ Kh5 82. Rg8 Ra7+ 83. Kf6 Ra6+ 84.
Ne6 Kh4 85. Kf5 Ra5+ 86. Ke4 Ra4+ 87. Nd4 Kh5 88. Rg2 Kh6  1/2-1/2

[Event "Open Letní Praha 2018 - A"]
[Site "Praha"]
[Date "2018.08.03"]
[Round "1"]
[Board "4"]
[White "Plasil, Petr"]
[Black "Neuman, Petr"]
[Result "0-1"]
[WhiteElo "2008"]
[BlackElo "2446"]
[PlyCount "80"]
[EventDate "2018.08.03"]
[EventRounds "9"]
[EventCountry "CZE"]

1. d4 d6 2. Nf3 Nf6 3. c4 g6 4. Nc3 Bg7 5. e4 O-O 6. Be2 e5 7. O-O Na6 8. Re1
c6 9. d5 Nc5 10. Qc2 a5 11. Be3 Na6 12. Rad1 c5 13. Qc1 Bd7 14. Rf1 Qe7 15. Bg5
Qe8 16. Nh4 h5 17. f4 exf4 18. Qxf4 Ng4 19. Qg3 Be5 20. Bf4 g5 21. Bxe5 gxh4
22. Qxh4 Qxe5 23. Rd3 f6 24. Rg3 Qg5 25. Qxg5+ fxg5 26. h3 Rxf1+ 27. Kxf1 Rf8+
28. Ke1 Ne5 29. Rxg5+ Kf7 30. Rxh5 Kg6 31. h4 Nc7 32. Rg5+ Kf6 33. Kd2 Rh8 34.
g3 Ne8 35. Nd1 Nf7 36. Rh5 Rg8 37. Ne3 Rxg3 38. Nf5 Bxf5 39. Rxf5+ Ke7 40. h5
Nf6  0-1

[Event "Open Letní Praha 2018 - A"]
[Site "Praha"]
[Date "2018.08.03"]
[Round "1"]
[Board "5"]
[White "Berchtenbreiter, Maximilian"]
[Black "Engesser, Jonas"]
[Result "1-0"]
[WhiteElo "2430"]
[BlackElo "2007"]
[PlyCount "81"]
[EventDate "2018.08.03"]
[EventRounds "9"]
[EventCountry "CZE"]

1. e4 c5 2. Nf3 d6 3. d4 cxd4 4. Nxd4 Nf6 5. Nc3 e6 6. g4 Nc6 7. g5 Nd7 8. Be3
a6 9. Qd2 Qc7 10. Rg1 Nxd4 11. Qxd4 Ne5 12. Rg3 b5 13. a4 Nc6 14. Qb6 Qxb6 15.
Bxb6 b4 16. Na2 Bb7 17. f4 Be7 18. O-O-O Rc8 19. Kb1 O-O 20. Bg2 Rfe8 21. h4
Bf8 22. a5 g6 23. h5 e5 24. hxg6 exf4 25. gxf7+ Kxf7 26. Rf1 Bg7 27. Rxf4+ Kg8
28. g6 Be5 29. gxh7+ Kh8 30. Rg8+ Rxg8 31. hxg8=Q+ Kxg8 32. Rg4+ Kf7 33. Bf1
Rh8 34. Bc4+ Kf6 35. Rg1 Rh2 36. Rf1+ Kg5 37. Bd5 Re2 38. Nc1 Rh2 39. Nd3 Rh7
40. Rg1+ Kf6 41. Nxb4  1-0

[Event "Open Letní Praha 2018 - A"]
[Site "Praha"]
[Date "2018.08.03"]
[Round "1"]
[Board "6"]
[White "Ochirbat, Lkhagvajamts"]
[Black "Plischki, Sebastian"]
[Result "0-1"]
[WhiteElo "2007"]
[BlackElo "2407"]
[PlyCount "86"]
[EventDate "2018.08.03"]
[EventRounds "9"]
[EventCountry "CZE"]

1. Nf3 c5 2. c4 g6 3. g3 Bg7 4. Bg2 Nc6 5. Nc3 b6 6. O-O Bb7 7. d3 d6 8. Bd2
Qd7 9. Rb1 e6 10. a3 Nge7 11. b4 O-O 12. e3 Rad8 13. Qc2 h6 14. Rfd1 g5 15. Ne2
Ng6 16. Bc3 e5 17. Nd2 f5 18. Rf1 Kh7 19. f4 exf4 20. exf4 Rde8 21. Rbe1 gxf4
22. Nxf4 Rxe1 23. Rxe1 Nxf4 24. gxf4 Rg8 25. Nf1 Bd4+ 26. Ne3 Nxb4 27. axb4
Rxg2+ 28. Qxg2 Bxg2 29. Bxd4 cxd4 30. Nxg2 Kg6 31. b5 Kf6 32. Kf2 d5 33. Re5
dxc4 34. dxc4 Qc7 35. Nh4 Qxc4 36. Rxf5+ Kg7 37. Re5 Qc2+ 38. Re2 d3 39. Nf5+
Kf6 40. Nd4 Qc5 41. Re6+ Kf7 42. Re4 d2 43. Ke2 Qc1  0-1

[Event "Open Letní Praha 2018 - A"]
[Site "Praha"]
[Date "2018.08.03"]
[Round "1"]
[Board "7"]
[White "Yagupov, Igor"]
[Black "Steiner, Juraj"]
[Result "1-0"]
[WhiteElo "2405"]
[BlackElo "2001"]
[PlyCount "67"]
[EventDate "2018.08.03"]
[EventRounds "9"]
[EventCountry "CZE"]

1. e4 c5 2. Nf3 g6 3. d4 cxd4 4. Nxd4 Nc6 5. c4 Nf6 6. Nc3 d6 7. Be2 Nxd4 8.
Qxd4 Bg7 9. Be3 O-O 10. Qd2 Qa5 11. f3 Be6 12. Rc1 Rfc8 13. b3 a6 14. Na4 Qxd2+
15. Kxd2 Nd7 16. g4 Rab8 17. Nc3 Ne5 18. Nd5 Kf8 19. g5 b5 20. cxb5 axb5 21.
Rxc8+ Rxc8 22. f4 Nc6 23. Nb6 Rb8 24. Bxb5 Bd4 25. Bxc6 Rxb6 26. Bd5 Bxe3+ 27.
Kxe3 Ke8 28. Rc1 Kd7 29. Rc4 f5 30. gxf6 exf6 31. Ra4 Ke7 32. Ra7+ Bd7 33. a4
f5 34. a5  1-0

[Event "Open Letní Praha 2018 - A"]
[Site "Praha"]
[Date "2018.08.03"]
[Round "1"]
[Board "8"]
[White "Hald, Jens Erik Kofoed"]
[Black "Pulpan, Jakub"]
[Result "0-1"]
[WhiteElo "1990"]
[BlackElo "2400"]
[PlyCount "70"]
[EventDate "2018.08.03"]
[EventRounds "9"]
[EventCountry "CZE"]

1. e4 c5 2. Nf3 d6 3. Bb5+ Nd7 4. O-O Ngf6 5. Re1 a6 6. Bf1 b5 7. a4 b4 8. b3
Bb7 9. d3 g6 10. Bb2 Bg7 11. Nbd2 e5 12. Nc4 Nb6 13. Ne3 a5 14. h3 O-O 15. g4
Re8 16. Bg2 Nbd7 17. Nc4 Nf8 18. Bc1 Ne6 19. Be3 h5 20. g5 Nh7 21. Qd2 Nd4 22.
Nh2 Ne6 23. Rad1 Nhxg5 24. Bxg5 Nxg5 25. Nxd6 Nxh3+ 26. Bxh3 Qxd6 27. Rf1 Kh7
28. Nf3 Qf6 29. Qe2 Bh6 30. Kg2 g5 31. Bf5+ Kg7 32. Kg1 g4 33. Nh2 Qh4 34. Rfe1
Bf4 35. Nf1 Kh8  0-1

[Event "Open Letní Praha 2018 - A"]
[Site "Praha"]
[Date "2018.08.03"]
[Round "1"]
[Board "9"]
[White "Olsarova, Karolina"]
[Black "Pribyl, Viktor"]
[Result "1-0"]
[WhiteElo "2331"]
[BlackElo "1983"]
[PlyCount "75"]
[EventDate "2018.08.03"]
[EventRounds "9"]
[EventCountry "CZE"]

1. e4 c5 2. Nf3 d6 3. Bb5+ Bd7 4. Bxd7+ Qxd7 5. c4 Nf6 6. Nc3 Nc6 7. d4 cxd4 8.
Nxd4 g6 9. f3 Bg7 10. Nde2 O-O 11. Bg5 Rfc8 12. O-O h6 13. Be3 Na5 14. b3 Ne8
15. Rb1 Nc7 16. Qd2 Kh7 17. Rfd1 Ne6 18. Kh1 Qd8 19. f4 Nc5 20. e5 b6 21. exd6
Nab7 22. b4 Ne6 23. dxe7 Qxe7 24. Nd5 Qe8 25. f5 gxf5 26. Qc2 Nd6 27. Nxb6 axb6
28. Rxd6 b5 29. c5 Kh8 30. Rbd1 Ra3 31. Bxh6 Bxh6 32. Qb2+ Bg7 33. Qxa3 Be5 34.
Qh3+ Kg7 35. Ng3 Bxd6 36. Nxf5+ Kg8 37. cxd6 Qd7 38. Ne7+  1-0

[Event "Open Letní Praha 2018 - A"]
[Site "Praha"]
[Date "2018.08.03"]
[Round "1"]
[Board "10"]
[White "Karthick, Narayanan S"]
[Black "Hess, Max"]
[Result "0-1"]
[WhiteElo "1979"]
[BlackElo "2331"]
[PlyCount "78"]
[EventDate "2018.08.03"]
[EventRounds "9"]
[EventCountry "CZE"]

1. e4 c5 2. Nc3 Nc6 3. g3 g6 4. Bg2 Bg7 5. d3 d6 6. Be3 Rb8 7. Nge2 Nd4 8. O-O
e6 9. Qd2 Ne7 10. Bxd4 cxd4 11. Nb5 Nc6 12. c3 dxc3 13. bxc3 O-O 14. Rab1 a6
15. Nbd4 Nxd4 16. Nxd4 Bd7 17. Nb3 b5 18. c4 b4 19. Qf4 Qb6 20. Rfd1 a5 21. d4
a4 22. c5 Qa7 23. Na1 e5 24. Qd2 dxc5 25. dxc5 Bg4 26. Rdc1 Rfc8 27. Nc2 b3 28.
Ne3 Bh6 29. axb3 axb3 30. Qc3 Be6 31. c6 Qd4 32. c7 Rb7 33. Qc6 Rb6 34. Qc5 b2
35. Rc3 Bf8 36. Qa5 Bb4 37. Qxb6 Qxb6 38. Rxb2 Qa5 39. Rc1 Rxc7  0-1

[Event "Open Letní Praha 2018 - A"]
[Site "Praha"]
[Date "2018.08.03"]
[Round "1"]
[Board "11"]
[White "Kulhanek, Tomas"]
[Black "Pipia, Ekaterine"]
[Result "1-0"]
[WhiteElo "2314"]
[BlackElo "1979"]
[PlyCount "139"]
[EventDate "2018.08.03"]
[EventRounds "9"]
[EventCountry "CZE"]

1. e4 g6 2. d4 Bg7 3. Nc3 d6 4. Be3 a6 5. Qd2 b5 6. f3 Bb7 7. h4 h6 8. a4 b4 9.
Nd1 a5 10. c3 bxc3 11. bxc3 Nd7 12. Rb1 Qc8 13. Bb5 c6 14. Bd3 e5 15. f4 Ngf6
16. Nf2 h5 17. Ne2 O-O 18. fxe5 dxe5 19. Bh6 Ba6 20. Bxg7 Kxg7 21. O-O Bxd3 22.
Qxd3 Qc7 23. Ng3 Rab8 24. Qe3 Rxb1 25. Rxb1 Rb8 26. Rf1 Rb3 27. Qg5 exd4 28.
Nf5+ Kg8 29. cxd4 Nh7 30. Ne7+ Kg7 31. Qc1 Qg3 32. Qxc6 Ndf6 33. e5 Ng4 34.
Nxg4 Qxg4 35. Qc4 Qe6 36. Qxe6 fxe6 37. Nc6 Ra3 38. Nd8 Nf8 39. Rf7+ Kg8 40.
Ra7 Rxa4 41. d5 exd5 42. e6 Re4 43. e7 Nh7 44. Ra8 Nf6 45. Ne6+ Ne8 46. Nc7
Rxe7 47. Nxe8 Kf7 48. Nd6+ Ke6 49. Nb5 Kf5 50. Nd4+ Ke4 51. Nf3 Rd7 52. Rxa5
Ke3 53. Ra3+ Ke2 54. Nd4+ Ke1 55. Ra6 Kd2 56. Rxg6 Kc3 57. Nf3 d4 58. Rc6+ Kb3
59. Kf2 d3 60. Ke3 Rg7 61. Kxd3 Rxg2 62. Rb6+ Ka4 63. Rh6 Rg3 64. Ke3 Kb5 65.
Rxh5+ Kc6 66. Rg5 Rh3 67. Kf2 Rh1 68. Rg1 Rxg1 69. Nxg1 Kd6 70. Kg3  1-0

[Event "Open Letní Praha 2018 - A"]
[Site "Praha"]
[Date "2018.08.03"]
[Round "1"]
[Board "12"]
[White "Pribylova, Sofie"]
[Black "Yandarbiev, Ruslan"]
[Result "0-1"]
[WhiteElo "1977"]
[BlackElo "2314"]
[PlyCount "80"]
[EventDate "2018.08.03"]
[EventRounds "9"]
[EventCountry "CZE"]

1. e4 c5 2. Nf3 d6 3. d4 Nf6 4. Nc3 cxd4 5. Nxd4 a6 6. Bg5 Nbd7 7. f4 h6 8. Bh4
e5 9. fxe5 dxe5 10. Nb3 Bb4 11. Qd3 Qc7 12. O-O-O Bxc3 13. bxc3 b5 14. g4 Bb7
15. Bg2 Rc8 16. Kb2 Nb6 17. Bxf6 gxf6 18. Kc1 Na4 19. Rhf1 Nxc3 20. Rxf6 Nxd1
21. Qxd1 Rg8 22. Rf2 Rg6 23. h4 Qe7 24. g5 hxg5 25. Bh3 Rcc6 26. hxg5 Rxg5 27.
Rd2 Rc7 28. Bf5 Bc8 29. Qh1 Rg8 30. Qh7 Qa3+ 31. Kd1 Rg1+ 32. Ke2 Rg2+ 33. Kf1
Rxd2 34. Nxd2 Bxf5 35. exf5 Rxc2 36. Qg8+ Qf8 37. Qg2 Qd6 38. Qg8+ Ke7 39. Qg5+
Kd7 40. Ke1 Qxd2+  0-1

[Event "Open Letní Praha 2018 - A"]
[Site "Praha"]
[Date "2018.08.03"]
[Round "1"]
[Board "13"]
[White "Gan-Erdene, Sugar"]
[Black "Zemlicka, Vit"]
[Result "1-0"]
[WhiteElo "2309"]
[BlackElo "1975"]
[PlyCount "63"]
[EventDate "2018.08.03"]
[EventRounds "9"]
[EventCountry "CZE"]

1. e4 e5 2. Nf3 Nc6 3. Bc4 Nf6 4. d3 Be7 5. O-O O-O 6. c3 d5 7. exd5 Nxd5 8.
Re1 Bg4 9. h3 Bh5 10. Nbd2 Nb6 11. Bb5 f6 12. Nc4 Nxc4 13. Bxc4+ Kh8 14. a4 Qd7
15. Nxe5 Nxe5 16. Qxh5 Nxc4 17. dxc4 Rad8 18. Bf4 Bd6 19. Bxd6 Qxd6 20. Rad1
Qc6 21. Rxd8 Rxd8 22. Qb5 Qxb5 23. cxb5 Kg8 24. Re7 Rc8 25. a5 Kf8 26. Rd7 a6
27. b6 cxb6 28. axb6 Rb8 29. b4 h6 30. c4 g6 31. c5 Ke8 32. Rh7  1-0

[Event "Open Letní Praha 2018 - A"]
[Site "Praha"]
[Date "2018.08.03"]
[Round "1"]
[Board "14"]
[White "Shehzad, Shazil"]
[Black "Rubes, Jan"]
[Result "1/2-1/2"]
[WhiteElo "1972"]
[BlackElo "2306"]
[PlyCount "69"]
[EventDate "2018.08.03"]
[EventRounds "9"]
[EventCountry "CZE"]

1. e4 c5 2. Nf3 d6 3. Bb5+ Nd7 4. a4 Ngf6 5. Nc3 a6 6. Be2 b6 7. O-O Bb7 8. d3
e6 9. Bf4 Qc7 10. Nd2 Be7 11. Bg3 O-O 12. f4 d5 13. Bf3 d4 14. Ne2 b5 15. b4 e5
16. bxc5 Bxc5 17. Nb3 Rad8 18. axb5 axb5 19. Nxc5 Qxc5 20. Bf2 b4 21. Nc1 exf4
22. Nb3 Qg5 23. Ra5 Ne5 24. Bxd4 Rxd4 25. h4 Qxh4 26. Nxd4 Neg4 27. Bxg4 Nxg4
28. Nf3 Qh6 29. Qa1 f5 30. Qd4 fxe4 31. dxe4 Ne3 32. Rf2 Qc6 33. Qxb4 Qxe4 34.
Qxe4 Bxe4 35. Nd4  1/2-1/2

[Event "Open Letní Praha 2018 - A"]
[Site "Praha"]
[Date "2018.08.03"]
[Round "1"]
[Board "15"]
[White "Mirzoeva, Elmira"]
[Black "Psaila, Clarence"]
[Result "1-0"]
[WhiteElo "2290"]
[BlackElo "1964"]
[PlyCount "61"]
[EventDate "2018.08.03"]
[EventRounds "9"]
[EventCountry "CZE"]

1. d4 d5 2. Bf4 Nf6 3. e3 c5 4. c3 Nc6 5. Nd2 Qb6 6. Qb3 Qxb3 7. axb3 Bf5 8.
Ngf3 h6 9. dxc5 g5 10. Bg3 Bg7 11. Nd4 Nxd4 12. cxd4 Nh5 13. Be5 f6 14. Bc7 Bf8
15. Be2 Ng7 16. b4 Bg6 17. O-O Rc8 18. Bg3 a6 19. b5 axb5 20. Bxb5+ Kf7 21. Ra7
Nf5 22. Rxb7 Nxg3 23. hxg3 Bf5 24. Ra1 Kg6 25. b4 e5 26. dxe5 fxe5 27. Ra6+ Kh5
28. Rf6 Bc2 29. g4+ Kh4 30. Nf3+ Kxg4 31. Bd7+  1-0

[Event "Open Letní Praha 2018 - A"]
[Site "Praha"]
[Date "2018.08.03"]
[Round "1"]
[Board "16"]
[White "Zuiderweg, Edwin"]
[Black "Marczuk, Dominik"]
[Result "0-1"]
[WhiteElo "1950"]
[BlackElo "2290"]
[PlyCount "54"]
[EventDate "2018.08.03"]
[EventRounds "9"]
[EventCountry "CZE"]

1. e4 c5 2. c3 Nf6 3. e5 Nd5 4. d4 cxd4 5. Nf3 Nc6 6. cxd4 d6 7. exd6 Qxd6 8.
Nc3 Bg4 9. Be2 e6 10. O-O Be7 11. a3 O-O 12. Ne4 Qc7 13. b4 Nf4 14. Bb2 Rad8
15. Rc1 Qb6 16. h3 Bxf3 17. Bxf3 Nxd4 18. Bxd4 Rxd4 19. Qc2 Nd3 20. Rcd1 Rfd8
21. Rd2 f5 22. Rfd1 fxe4 23. Bxe4 Rxe4 24. Rxd3 Rxd3 25. Qxd3 Rf4 26. Qe3 Qxe3
27. fxe3 Rf7  0-1

[Event "Open Letní Praha 2018 - A"]
[Site "Praha"]
[Date "2018.08.03"]
[Round "1"]
[Board "17"]
[White "Vanek, Ladislav"]
[Black "Lacina, Filip"]
[Result "1-0"]
[WhiteElo "2271"]
[BlackElo "1936"]
[PlyCount "51"]
[EventDate "2018.08.03"]
[EventRounds "9"]
[EventCountry "CZE"]

1. d4 d5 2. Nf3 e6 3. e3 c5 4. c3 Nc6 5. Bd3 Nf6 6. Nbd2 Bd6 7. O-O O-O 8. dxc5
Bxc5 9. b4 Bd6 10. Bb2 e5 11. e4 dxe4 12. Nxe4 Nxe4 13. Bxe4 f5 14. Bd5+ Kh8
15. b5 Ne7 16. c4 Ng6 17. h4 Nxh4 18. Nxe5 Qg5 19. f4 Qg3 20. Rf2 Bxe5 21. Bxe5
a6 22. b6 a5 23. a4 h6 24. Qh5 Kh7 25. Bd6 g6 26. Qe2  1-0

[Event "Open Letní Praha 2018 - A"]
[Site "Praha"]
[Date "2018.08.03"]
[Round "1"]
[Board "18"]
[White "Novak, Vaclav"]
[Black "Becker, Matthias"]
[Result "0-1"]
[WhiteElo "1932"]
[BlackElo "2254"]
[PlyCount "72"]
[EventDate "2018.08.03"]
[EventRounds "9"]
[EventCountry "CZE"]

1. e4 e6 2. d4 d5 3. exd5 exd5 4. Bd3 Nc6 5. c3 Bd6 6. Nf3 Bg4 7. Qe2+ Nge7 8.
Be3 Qd7 9. Nbd2 O-O-O 10. Nb3 Nf5 11. h3 Nxe3 12. fxe3 Bf5 13. Bb5 Bg3+ 14. Kd2
Qd6 15. Nc5 Kb8 16. Rhf1 Ne7 17. Ng5 Qg6 18. Nf3 c6 19. Bd3 Rhe8 20. b4 f6 21.
b5 Bxd3 22. Qxd3 Qxd3+ 23. Kxd3 Nf5 24. bxc6 Nxe3 25. Rfb1 b6 26. Na6+ Kc8 27.
Rb2 Nc4 28. Re2 Rxe2 29. Kxe2 Re8+ 30. Kf1 g5 31. a4 h5 32. Nb4 g4 33. Nxd5
gxf3 34. gxf3 Nd2+ 35. Kg2 h4 36. Nxf6 Re2+  0-1

[Event "Open Letní Praha 2018 - A"]
[Site "Praha"]
[Date "2018.08.03"]
[Round "1"]
[Board "19"]
[White "Jedlicka, Ales"]
[Black "Sim, Jia Ru"]
[Result "1-0"]
[WhiteElo "2253"]
[BlackElo "1930"]
[PlyCount "73"]
[EventDate "2018.08.03"]
[EventRounds "9"]
[EventCountry "CZE"]

1. d4 d5 2. c4 dxc4 3. Nf3 c5 4. e3 cxd4 5. Qxd4 Qxd4 6. Nxd4 Bd7 7. Bxc4 Nc6
8. Nxc6 Bxc6 9. O-O Nf6 10. b3 e6 11. Bb2 Bc5 12. Nd2 Ke7 13. Rac1 Bd6 14. Be2
h5 15. Nc4 Bc7 16. Ba3+ Ke8 17. Rfd1 Nd5 18. Nd6+ Bxd6 19. Bxd6 Rd8 20. Bc5 f5
21. h4 Kf7 22. Bf3 g6 23. Bxa7 Ra8 24. Bd4 Rhe8 25. a4 e5 26. Bb2 e4 27. Be2
Rad8 28. Rc5 Re7 29. a5 Red7 30. a6 Nb4 31. Rxd7+ Rxd7 32. Bc4+ Ke8 33. a7 Rd1+
34. Kh2 Rd8 35. Re5+ Kd7 36. Ba3 Kd6 37. Ra5  1-0

[Event "Open Letní Praha 2018 - A"]
[Site "Praha"]
[Date "2018.08.03"]
[Round "1"]
[Board "20"]
[White "Knight, David"]
[Black "Phadke, Sohan"]
[Result "0-1"]
[WhiteElo "1929"]
[BlackElo "2245"]
[PlyCount "54"]
[EventDate "2018.08.03"]
[EventRounds "9"]
[EventCountry "CZE"]

1. e4 c5 2. Nf3 Nc6 3. d4 cxd4 4. Nxd4 Nf6 5. Nc3 e5 6. Ndb5 d6 7. Bg5 a6 8.
Na3 b5 9. Nd5 Be7 10. Bxf6 Bxf6 11. c3 Ne7 12. Nc2 Nxd5 13. Qxd5 Ra7 14. a4 Bb7
15. Qd3 bxa4 16. Rxa4 O-O 17. Nb4 Qb6 18. Qc2 Rb8 19. Ra2 a5 20. Nd5 Bxd5 21.
exd5 Qc5 22. Qe4 Rab7 23. Bd3 g6 24. Qf3 Rxb2 25. Rxb2 Qxc3+ 26. Rd2 Bg5 27.
O-O Bxd2  0-1

[Event "Open Letní Praha 2018 - A"]
[Site "Praha"]
[Date "2018.08.03"]
[Round "1"]
[Board "21"]
[White "Olson, Hamish"]
[Black "Kucera, Tomas"]
[Result "1-0"]
[WhiteElo "2241"]
[BlackElo "1917"]
[PlyCount "59"]
[EventDate "2018.08.03"]
[EventRounds "9"]
[EventCountry "CZE"]

1. d4 Nf6 2. Nf3 d6 3. Nbd2 g6 4. e4 Bg7 5. c3 O-O 6. Be2 c5 7. dxc5 dxc5 8.
O-O b6 9. Qc2 Qc7 10. Re1 Nbd7 11. Bf1 e6 12. a4 Bb7 13. Nc4 h6 14. g3 Nh5 15.
a5 b5 16. a6 Bc6 17. Na5 Rad8 18. Nxc6 Qxc6 19. Qe2 c4 20. e5 f5 21. Bg2 Nc5
22. Nh4 Qe8 23. Be3 Nd3 24. Bxa7 Nxe1 25. Qxe1 g5 26. Nf3 g4 27. Nd4 f4 28. Bc6
Qe7 29. Nxb5 Rd3 30. Bd4  1-0

[Event "Open Letní Praha 2018 - A"]
[Site "Praha"]
[Date "2018.08.03"]
[Round "1"]
[Board "22"]
[White "Vermirovsky, Vlastimil"]
[Black "Svanda, Ondrej"]
[Result "1/2-1/2"]
[WhiteElo "1915"]
[BlackElo "2241"]
[PlyCount "83"]
[EventDate "2018.08.03"]
[EventRounds "9"]
[EventCountry "CZE"]

1. e4 c5 2. Nf3 e6 3. d4 cxd4 4. Nxd4 Nf6 5. Nc3 d6 6. h3 a6 7. g4 b5 8. a3 Bb7
9. Bg2 Qc7 10. Be3 Nc6 11. f4 Be7 12. g5 Nd7 13. f5 Nxd4 14. Qxd4 Qc5 15. Qd2
Qc4 16. b3 Qc7 17. fxe6 fxe6 18. Ne2 Nc5 19. Qc3 O-O-O 20. Nd4 e5 21. Nf5 Bf8
22. Bxc5 Qxc5 23. Qxc5+ dxc5 24. Rd1 Rxd1+ 25. Kxd1 g6 26. Ne3 Be7 27. h4 Rf8
28. Rf1 Rxf1+ 29. Nxf1 Kc7 30. Ne3 Kd6 31. Ke2 Bd8 32. Ng4 Bc8 33. Ne3 Bb7 34.
Ng4 Bc8 35. Ne3 Be6 36. Bf3 Bc8 37. Nd5 Bb7 38. Ne3 Bc6 39. Ng4 a5 40. Ne3 Bb7
41. Kd3 Ba6 42. c4  1/2-1/2

[Event "Open Letní Praha 2018 - A"]
[Site "Praha"]
[Date "2018.08.03"]
[Round "1"]
[Board "23"]
[White "Toman, Ondrej"]
[Black "Sargsjan, Karen"]
[Result "1-0"]
[WhiteElo "2231"]
[BlackElo "1911"]
[PlyCount "111"]
[EventDate "2018.08.03"]
[EventRounds "9"]
[EventCountry "CZE"]

1. d4 Nf6 2. Bf4 e6 3. e3 Be7 4. Nf3 Nh5 5. Bd3 Nxf4 6. exf4 c5 7. dxc5 Qa5+ 8.
Nc3 Qxc5 9. O-O Nc6 10. Ng5 Bxg5 11. Ne4 Qe7 12. Nxg5 d5 13. Qh5 Bd7 14. Rfe1
g6 15. Qh6 O-O-O 16. Qg7 h6 17. Nf3 Kb8 18. a3 Rdg8 19. Qc3 Rc8 20. b4 f6 21.
Qb2 g5 22. b5 Na5 23. Nd4 gxf4 24. Nxe6 Bxe6 25. Qb4 Qd7 26. Qxa5 f3 27. b6 a6
28. Bxa6 bxa6 29. Qxa6 Rc6 30. Rab1 Rg8 31. g3 d4 32. Qa4 Rc4 33. Qa7+ Qxa7 34.
bxa7+ Kxa7 35. Rxe6 Rxc2 36. Rd6 Rb8 37. Rf1 Rd2 38. Rxf6 Rb3 39. a4 Ra3 40.
Rxh6 Rxa4 41. Rf6 Rd3 42. h4 Kb7 43. g4 Rc3 44. Rf4 Kc6 45. Kh2 Kd5 46. Kg3
Raa3 47. Rd1 Rd3 48. Rxd3 Rxd3 49. h5 Ra3 50. h6 d3 51. h7 Ra8 52. Rxf3 Kc4 53.
Rxd3 Kxd3 54. g5 Ke4 55. g6 Ra3+ 56. Kg2  1-0

[Event "Open Letní Praha 2018 - A"]
[Site "Praha"]
[Date "2018.08.03"]
[Round "1"]
[Board "24"]
[White "Boernsen, Frederik"]
[Black "Hrdina, Robin"]
[Result "0-1"]
[WhiteElo "1909"]
[BlackElo "2219"]
[PlyCount "62"]
[EventDate "2018.08.03"]
[EventRounds "9"]
[EventCountry "CZE"]

1. e4 e5 2. Nf3 Nc6 3. Bb5 a6 4. Ba4 Nf6 5. d3 d6 6. Nbd2 g6 7. Nf1 Bg7 8. Ng3
O-O 9. Bg5 h6 10. Be3 Ng4 11. Bd2 Be6 12. Qc1 Kh7 13. O-O d5 14. h3 b5 15. hxg4
bxa4 16. g5 h5 17. Bc3 Nd4 18. Nxd4 exd4 19. Bb4 Re8 20. f4 Bg4 21. f5 Be5 22.
Nh1 Rb8 23. Bd2 dxe4 24. dxe4 d3 25. c3 Be2 26. Rf2 Qd6 27. Bf4 Bxf4 28. Qxf4
Qxf4 29. Rxf4 Rxb2 30. Nf2 Rc2 31. g4 d2  0-1